Teoría de la novela y novela española /
| Clasificación: | Libro Electrónico |
|---|---|
| Autor principal: | |
| Formato: | Electrónico eBook |
| Idioma: | Español |
| Publicado: |
Madrid :
Universidad Nacional de Educación a Distancia,
2001.
|
| Edición: | 1. ed. |
| Colección: | Cuadernos de la UNED. Serie Filología.
Cuadernos de la UNED ; C.U. 210. Book collections on Project MUSE. |
| Temas: | |
| Acceso en línea: | Texto completo |
MARC
| LEADER | 00000cam a22000004a 4500 | ||
|---|---|---|---|
| 001 | musev2_53676 | ||
| 003 | MdBmJHUP | ||
| 005 | 20230905045652.0 | ||
| 006 | m o d | ||
| 007 | cr||||||||nn|n | ||
| 008 | 010907s2001 sp o 00 0 spa d | ||
| 010 | |z 2001446439 | ||
| 020 | |a 9788436257830 | ||
| 020 | |z 9788436243468 | ||
| 040 | |a MdBmJHUP |c MdBmJHUP | ||
| 043 | |a e-sp--- | ||
| 050 | 0 | 4 | |a PQ6138 |b .A33 2001 |
| 082 | 0 | |a 863.009 |2 22 | |
| 100 | 1 | |a Abad Nebot, Francisco, |d 1948- | |
| 245 | 1 | 0 | |a Teoría de la novela y novela española / |c Francisco Abad Nebot. |
| 250 | |a 1. ed. | ||
| 264 | 1 | |a Madrid : |b Universidad Nacional de Educación a Distancia, |c 2001. | |
| 264 | 3 | |a Baltimore, Md. : |b Project MUSE, |c 0000 | |
| 264 | 4 | |c ©2001. | |
| 300 | |a 1 online resource (198 pages). | ||
| 336 | |a text |b txt |2 rdacontent | ||
| 337 | |a computer |b c |2 rdamedia | ||
| 338 | |a online resource |b cr |2 rdacarrier | ||
| 490 | 0 | |a Cuadernos de la UNED ; |v C.U. 210. |a Serie Filología | |
| 504 | |a Includes bibliographical references and index. | ||
| 588 | |a Description based on print version record. | ||
| 650 | 0 | |a Spanish fiction |x History and criticism. | |
| 655 | 7 | |a Electronic books. |2 local | |
| 710 | 2 | |a Project Muse. |e distributor | |
| 830 | 0 | |a Cuadernos de la UNED. |p Serie Filología. | |
| 830 | 0 | |a Cuadernos de la UNED ; |v C.U. 210. | |
| 830 | 0 | |a Book collections on Project MUSE. | |
| 856 | 4 | 0 | |z Texto completo |u https://projectmuse.uam.elogim.com/book/53676/ |
| 945 | |a Project MUSE - Custom Collection | ||


